[Event "ODJM B 2023"]
[Site "Willingen GER"]
[Date "2023.05.31"]
[Round "6"]
[White "Albayrak, Melissa"]
[Black "Reger, Christoph"]
[Result "0-1"]
[Termination "normal"]
[Board "44"]
[WhiteElo "1362"]
[BlackElo "1129"]
[PlyCount "72"]
[WhiteFideId "16255283"]
[BlackFideId "16287606"]
[EventCountry "GER"]
[EventRounds "9"]
[EventType "swiss"]
[EventDate "2023.05.27"]

1. e4 c5 2. c3 d5 3. exd5 Qxd5 4. d4 e6 5. Nf3 Nf6 6. c4 Qd7 7. Nc3 cxd4 8.
Nxd4 Bc5 9. Be3 O-O 10. Be2 Nc6 11. Nxe6 Qxd1+ 12. Rxd1 Bxe3 13. fxe3 Bxe6 14.
h3 Rad8 15. O-O Rxd1 16. Nxd1 Ne4 17. Rf4 Nd6 18. h4 Rd8 19. b3 Nf5 20. Kf2 Rd2
21. Nc3 Nb4 22. Ke1 Rc2 23. Nd5 Nxd5 24. cxd5 Bd7 25. Bd3 Nxe3 26. Re4 Nxg2+
27. Kf1 Rc8 28. Kxg2 Kf8 29. Rb4 b6 30. a4 Rc5 31. Bc4 Ke7 32. Kg3 Kd6 33. h5
f6 34. Kf4 g5+ 35. hxg6 hxg6 36. Ke4 g5 0-1

[Event "ODJM B 2023"]
[Site "Willingen GER"]
[Date "2023.05.31"]
[Round "6"]
[White "Neumeier, Konstantin"]
[Black "Ginschel, Leonhard"]
[Result "0-1"]
[Termination "normal"]
[Board "45"]
[WhiteElo "1413"]
[BlackElo "1376"]
[PlyCount "114"]
[WhiteFideId "34608230"]
[BlackFideId "16290917"]
[EventCountry "GER"]
[EventRounds "9"]
[EventType "swiss"]
[EventDate "2023.05.27"]

1. e4 e5 2. Nf3 Nc6 3. Nc3 Nf6 4. a3 Bc5 5. Nxe5 Nxe5 6. d4 Bd6 7. dxe5 Bxe5 8.
Bd3 O-O 9. O-O d6 10. Bg5 h6 11. Bh4 Bd4 12. Qf3 g5 13. Bg3 Bg4 14. Bxd6 Bxf3
15. Bxf8 Bxg2 16. Kxg2 Kxf8 17. Rad1 Bxc3 18. bxc3 Qe7 19. Rfe1 Qc5 20. f3 Re8
21. Rd2 Qxc3 22. Rde2 Nh5 23. Re3 Qc5 24. Kh1 Nf4 25. e5 Nxd3 26. cxd3 Qxa3 27.
d4 Qb4 28. d5 Qc5 29. e6 Qxd5 30. e7+ Kg7 31. Kg2 f6 32. Kf2 Kf7 33. Kg2 Qd6
34. Kg1 Rxe7 35. Rxe7+ Qxe7 36. Rxe7+ Kxe7 37. Kf2 Ke6 38. Ke2 Ke5 39. Ke3 a5
40. Kd3 b5 41. Kc3 c5 42. Kb3 Kf4 43. Kc3 Kxf3 44. Kb3 Ke3 45. h4 f5 46. hxg5
hxg5 47. Ka3 f4 48. Kb3 f3 49. Ka3 f2 50. Kb3 f1=Q 51. Kb2 Qe2+ 52. Kb3 g4 53.
Ka3 g3 54. Kb3 g2 55. Ka3 g1=R 56. Kb3 Ke4 57. Ka3 Rg3# 0-1

[Event "ODJM B 2023"]
[Site "Willingen GER"]
[Date "2023.05.31"]
[Round "6"]
[White "Brandt, Greta"]
[Black "Aguike, Chidera"]
[Result "1/2-1/2"]
[Termination "normal"]
[Board "46"]
[WhiteElo "1444"]
[BlackElo "1449"]
[PlyCount "84"]
[WhiteFideId "34605860"]
[BlackFideId "34611339"]
[EventCountry "GER"]
[EventRounds "9"]
[EventType "swiss"]
[EventDate "2023.05.27"]

1. Nf3 d5 2. g3 c5 3. Bg2 Nc6 4. d4 Nf6 5. O-O g6 6. c4 dxc4 7. Qa4 cxd4 8.
Nxd4 Qxd4 9. Bxc6+ Bd7 10. Rd1 Bxc6 11. Qxc6+ bxc6 12. Rxd4 Rd8 13. Rxc4 Rd1+
14. Kg2 Kd7 15. Nc3 Rd6 16. Ra4 Ke6 17. Rxa7 Bg7 18. Bf4 Rd7 19. Ra6 Rc8 20.
Rc1 Nd5 21. Nxd5 Kxd5 22. Ra5+ Ke6 23. b3 Rd5 24. Rxd5 Kxd5 25. Kf3 e5 26. e4+
Ke6 27. Bd2 Bf8 28. Rc4 c5 29. Ra4 Rc6 30. Ra8 Be7 31. Bh6 Bf6 32. Kg4 c4 33.
bxc4 Rxc4 34. f3 Be7 35. Kh3 Bc5 36. g4 Rc3 37. Kg3 Rc2 38. Ra6+ Kd7 39. Rf6
Ke7 40. Ra6 Bf2+ 41. Kh3 Bg1 42. Bg5+ Kd7 1/2-1/2

[Event "ODJM B 2023"]
[Site "Willingen GER"]
[Date "2023.05.31"]
[Round "6"]
[White "Sensoy, Emir"]
[Black "Meitzner, Johan Eduard"]
[Result "1-0"]
[Termination "normal"]
[Board "47"]
[WhiteElo "1418"]
[BlackElo "1262"]
[PlyCount "55"]
[WhiteFideId "34607390"]
[BlackFideId "34623612"]
[EventCountry "GER"]
[EventRounds "9"]
[EventType "swiss"]
[EventDate "2023.05.27"]

1. e4 c5 2. d4 cxd4 3. c3 dxc3 4. Nxc3 Nc6 5. Nf3 d6 6. Bc4 Nf6 7. O-O e5 8.
Ng5 Be6 9. Nxe6 fxe6 10. Bxe6 Nd4 11. Bb3 Nxb3 12. Qxb3 Be7 13. f3 Qb6+ 14.
Qxb6 axb6 15. Be3 Ra6 16. Rfd1 O-O 17. Rac1 Rd8 18. a3 Rd7 19. Nb5 Ra5 20. Nc7
b5 21. Bd2 Ra4 22. Bb4 Bd8 23. Nxb5 d5 24. Nc3 Bb6+ 25. Kh1 Rxb4 26. axb4 Be3
27. Nxd5 Nxd5 28. Rc8+ 1-0

[Event "ODJM B 2023"]
[Site "Willingen GER"]
[Date "2023.05.31"]
[Round "6"]
[White "Stepanjan, Tatevik Mia"]
[Black "Schirmer, Sara"]
[Result "0-1"]
[Termination "normal"]
[Board "48"]
[WhiteElo "1206"]
[BlackElo "1406"]
[PlyCount "118"]
[WhiteFideId "16246128"]
[BlackFideId "16297580"]
[EventCountry "GER"]
[EventRounds "9"]
[EventType "swiss"]
[EventDate "2023.05.27"]

1. e4 e5 2. Nf3 Nc6 3. Nc3 Nf6 4. Bb5 d6 5. d4 exd4 6. Nxd4 Bd7 7. Bg5 Be7 8.
O-O O-O 9. Re1 h6 10. Bf4 a6 11. Bc4 Nxd4 12. Qxd4 Nh5 13. Bd2 Be6 14. Rad1 Bg5
15. Bxe6 fxe6 16. Qd3 Bxd2 17. Qxd2 Nf4 18. Ne2 Qg5 19. Nxf4 Qxf4 20. Qxf4 Rxf4
21. e5 d5 22. Rd3 c5 23. g3 Rf5 24. f4 g5 25. Rf1 c4 26. Rdf3 Raf8 27. Kg2 Kg7
28. fxg5 Rxf3 29. gxh6+ Kxh6 30. Rxf3 Rxf3 31. Kxf3 b5 32. h4 a5 33. Ke3 a4 34.
g4 b4 35. Kd4 Kg6 36. Kc5 b3 37. cxb3 a3 38. bxc4 dxc4 39. h5+ Kg7 40. b4 cxb3
41. axb3 a2 42. b4 a1=Q 43. b5 Qxe5+ 44. Kb4 Qb8 45. Kc5 e5 46. b6 e4 47. Kd4
Qb7 48. Ke3 Kh6 49. Kf4 Kg7 50. g5 Kh7 51. g6+ Kg7 52. Ke3 Qxb6+ 53. Kxe4 Qf6
54. h6+ Kxh6 55. g7 Kxg7 56. Kd5 Qe7 57. Kc4 Qd7 58. Kc3 Kf6 59. Kc4 Ke5 0-1

[Event "ODJM B 2023"]
[Site "Willingen GER"]
[Date "2023.05.31"]
[Round "6"]
[White "Kutz, Paul Matti"]
[Black "Prokscha, Charlotte"]
[Result "1/2-1/2"]
[Termination "normal"]
[Board "50"]
[WhiteElo "1537"]
[BlackElo "1367"]
[PlyCount "88"]
[WhiteFideId "16296265"]
[BlackFideId "34614699"]
[EventCountry "GER"]
[EventRounds "9"]
[EventType "swiss"]
[EventDate "2023.05.27"]

1. e4 c5 2. Nf3 e6 3. d4 cxd4 4. Nxd4 Nc6 5. Bf4 Nf6 6. Nb5 e5 7. Bg5 h6 8.
Bxf6 gxf6 9. N1c3 a6 10. Nd6+ Bxd6 11. Qxd6 Qe7 12. Qxe7+ Nxe7 13. Rd1 b5 14.
Rd6 f5 15. Bd3 f4 16. O-O h5 17. Nd5 Nxd5 18. exd5 Ke7 19. Rb6 d6 20. Re1 f3
21. g3 f5 22. c4 bxc4 23. Bxc4 f4 24. gxf4 Rg8+ 25. Kh1 Bh3 26. Bf1 Bg2+ 27.
Bxg2 Rxg2 28. fxe5 Rxf2 29. exd6+ Kd7 30. Rc6 Re8 31. Kg1 Rg2+ 32. Kf1 Rxe1+
33. Kxe1 Rxh2 34. Rxa6 Rxb2 35. a4 h4 36. Ra7+ Kxd6 37. Rh7 Kxd5 38. Rxh4 Ra2
39. a5 Kc6 40. Rf4 Rxa5 41. Rxf3 Ra2 42. Rf6+ Kd5 43. Rf8 Ke4 44. Re8+ Kf3
1/2-1/2

[Event "ODJM B 2023"]
[Site "Willingen GER"]
[Date "2023.05.31"]
[Round "6"]
[White "Junge, Julia"]
[Black "Kraus, Johanna"]
[Result "1-0"]
[Termination "normal"]
[Board "51"]
[WhiteElo "1367"]
[BlackElo "1408"]
[PlyCount "135"]
[WhiteFideId "16293908"]
[BlackFideId "34653872"]
[EventCountry "GER"]
[EventRounds "9"]
[EventType "swiss"]
[EventDate "2023.05.27"]

1. e4 d5 2. exd5 Qxd5 3. Nc3 Qa5 4. Nf3 Nf6 5. Bc4 Bf5 6. d3 c6 7. Bd2 e6 8.
Nd5 Qd8 9. Nf4 h6 10. h4 Nbd7 11. Nd4 Bh7 12. Qe2 Be7 13. g4 e5 14. g5 Ng8 15.
gxh6 Nxh6 16. Nh5 Rg8 17. Nf3 Qc7 18. Nxg7+ Rxg7 19. Bxh6 Rg6 20. Qe3 f5 21.
Bg5 f4 22. Qe2 Rg7 23. O-O-O O-O-O 24. Rde1 Re8 25. Bh6 Rg2 26. Bf7 Rh8 27. Qf1
Rg4 28. Bh5 Bf5 29. Bxg4 Bxg4 30. Bg7 Bxf3 31. Bxh8 Bxh1 32. Qxh1 Bd6 33. Qe4
Qd8 34. Qh7 Qa5 35. Qg8+ Kc7 36. Rg1 Qc5 37. f3 Qe3+ 38. Kb1 Qxf3 39. Qg4 Qe3
40. a3 Qb6 41. Ka2 Bc5 42. Rg2 Qa5 43. h5 Qe1 44. Qe2 Qxe2 45. Rxe2 f3 46. Re1
f2 47. Rf1 Kd8 48. h6 Ke8 49. h7 Nf8 50. Bxe5 Nxh7 51. Bg3 Ng5 52. Bxf2 Bxf2
53. Rxf2 Kd7 54. Rf5 Ne6 55. Rf7+ Kc8 56. b4 Kb8 57. c4 a6 58. Re7 Nd8 59. d4
b6 60. d5 cxd5 61. cxd5 Nb7 62. Kb3 Nd6 63. Rd7 Nb7 64. d6 Kc8 65. Rc7+ Kb8 66.
Rc6 Nd8 67. Rc3 Kb7 68. d7 1-0

[Event "ODJM B 2023"]
[Site "Willingen GER"]
[Date "2023.05.31"]
[Round "6"]
[White "Goda, Maurice"]
[Black "Hensen, Malte"]
[Result "0-1"]
[Termination "normal"]
[Board "52"]
[WhiteElo "1453"]
[BlackElo "1484"]
[PlyCount "112"]
[WhiteFideId "34640940"]
[BlackFideId "34660356"]
[EventCountry "GER"]
[EventRounds "9"]
[EventType "swiss"]
[EventDate "2023.05.27"]

1. d4 d5 2. Nc3 Nf6 3. Bf4 e6 4. e3 Bb4 5. Nf3 O-O 6. Bd3 b6 7. O-O Bxc3 8.
bxc3 Ba6 9. Ne5 Bxd3 10. Qxd3 Nbd7 11. c4 Nxe5 12. Bxe5 c6 13. f4 Nd7 14. Bd6
Re8 15. cxd5 cxd5 16. c4 Nf6 17. Bb4 Rc8 18. Rac1 Qd7 19. Rf2 Rc6 20. Rfc2 Rec8
21. c5 bxc5 22. Bxc5 R8c7 23. Bxa7 Rxc2 24. Rxc2 Rxa7 25. Qc3 Ra8 26. a4 Qxa4
27. Rc1 h6 28. h3 Ne4 29. Qb2 Qa2 30. Rc8+ Kh7 31. Qxa2 Rxa2 32. Rc7 Kg6 33. g4
Ra3 34. f5+ exf5 35. gxf5+ Kxf5 36. Rxf7+ Kg6 37. Rf3 Kg5 38. Kg2 Ra2+ 39. Kg1
Kh4 40. Kh1 Rf2 41. Rf4+ Rxf4 42. exf4 Kxh3 43. Kg1 Kg4 44. Kh2 Kxf4 45. Kh3
Ke3 46. Kh2 Kxd4 47. Kh3 Ke3 48. Kh4 d4 49. Kh3 d3 50. Kh4 d2 51. Kh3 d1=Q 52.
Kh2 Qe2+ 53. Kh3 Ng5+ 54. Kh4 g6 55. Kg3 Qf3+ 56. Kh4 Qf4# 0-1

[Event "ODJM B 2023"]
[Site "Willingen GER"]
[Date "2023.06.01"]
[Round "7"]
[White "Khudagulyan, Xoren"]
[Black "Khanbekyan, Areg"]
[Result "1-0"]
[Termination "normal"]
[Board "1"]
[WhiteElo "1698"]
[BlackElo "1606"]
[WhiteClock "01:01:28"]
[BlackClock "00:52:48"]
[PlyCount "51"]
[WhiteFideId "34618945"]
[BlackFideId "12993727"]
[EventCountry "GER"]
[EventRounds "9"]
[EventType "swiss"]
[EventDate "2023.05.27"]

1. Nf3 {[%clk 01:30:36]} {[%emt 00:00:23]} c5 {[%clk 01:30:20]} {[%emt
00:00:41]} 2. d4 {[%clk 01:29:20]} {[%emt 00:01:45]} cxd4 {[%clk 01:30:21]}
{[%emt 00:00:30]} 3. Nxd4 {[%clk 01:29:44]} {[%emt 00:00:05]} g6 {[%clk
01:30:21]} {[%emt 00:00:29]} 4. c4 {[%clk 01:29:32]} {[%emt 00:00:42]} Nc6
{[%clk 01:30:37]} {[%emt 00:00:15]} 5. Nxc6 {[%clk 01:27:49]} {[%emt 00:02:13]}
bxc6 {[%clk 01:30:43]} {[%emt 00:00:24]} 6. Qd4 {[%clk 01:28:00]} {[%emt
00:00:19]} Nf6 {[%clk 01:30:43]} {[%emt 00:00:30]} 7. e4 {[%clk 01:24:05]}
{[%emt 00:04:24]} d6 {[%clk 01:30:17]} {[%emt 00:00:57]} 8. e5 {[%clk
01:11:10]} {[%emt 00:13:26]} Qa5+ {[%clk 01:28:55]} {[%emt 00:01:51]} 9. Bd2
{[%clk 01:11:04]} {[%emt 00:00:36]} Qxe5+ {[%clk 01:20:00]} {[%emt 00:09:25]}
10. Qxe5 {[%clk 01:11:33]} {[%emt 00:00:01]} dxe5 {[%clk 01:20:23]} {[%emt
00:00:07]} 11. Bc3 {[%clk 01:11:53]} {[%emt 00:00:09]} Nd7 {[%clk 01:18:07]}
{[%emt 00:02:46]} 12. g3 {[%clk 01:10:16]} {[%emt 00:02:09]} Bg7 {[%clk
01:17:52]} {[%emt 00:00:44]} 13. Bg2 {[%clk 01:10:33]} {[%emt 00:00:13]} Bb7
{[%clk 01:18:08]} {[%emt 00:00:15]} 14. O-O {[%clk 01:07:19]} {[%emt 00:03:43]}
O-O {[%clk 01:15:57]} {[%emt 00:02:40]} 15. Nd2 {[%clk 01:07:45]} {[%emt
00:00:04]} f5 {[%clk 01:15:26]} {[%emt 00:01:02]} 16. Nb3 {[%clk 01:05:57]}
{[%emt 00:02:18]} e4 {[%clk 01:13:59]} {[%emt 00:01:56]} 17. Rad1 {[%clk
01:04:32]} {[%emt 00:01:56]} Rfd8 {[%clk 01:13:30]} {[%emt 00:00:59]} 18. Ba5
{[%clk 01:03:11]} {[%emt 00:01:51]} Nb6 {[%clk 01:02:50]} {[%emt 00:11:10]} 19.
Rxd8+ {[%clk 01:03:28]} {[%emt 00:00:14]} Rxd8 {[%clk 01:03:18]} {[%emt
00:00:01]} 20. c5 {[%clk 01:03:47]} {[%emt 00:00:11]} Ra8 {[%clk 01:02:13]}
{[%emt 00:01:35]} 21. cxb6 {[%clk 01:04:01]} {[%emt 00:00:16]} axb6 {[%clk
01:02:38]} {[%emt 00:00:04]} 22. Bxb6 {[%clk 01:03:34]} {[%emt 00:00:58]} Bxb2
{[%clk 00:59:43]} {[%emt 00:03:25]} 23. Rb1 {[%clk 01:01:05]} {[%emt 00:02:58]}
Rxa2 {[%clk 00:56:55]} {[%emt 00:03:18]} 24. Nc5 {[%clk 01:00:50]} {[%emt
00:00:46]} Bc8 {[%clk 00:56:50]} {[%emt 00:00:35]} 25. Bf1 {[%clk 01:01:05]}
{[%emt 00:00:15]} Bd4 {[%clk 00:52:48]} {[%emt 00:04:32]} 26. Bc4+ {[%clk
01:01:28]} {[%emt 00:00:07]} 1-0

[Event "ODJM B 2023"]
[Site "Willingen GER"]
[Date "2023.06.01"]
[Round "7"]
[White "Weyerer, Noah"]
[Black "Groessing, Daniel-Yosuke"]
[Result "1/2-1/2"]
[Termination "normal"]
[Board "2"]
[WhiteElo "1677"]
[BlackElo "1615"]
[WhiteClock "00:01:39"]
[BlackClock "00:01:13"]
[PlyCount "69"]
[WhiteFideId "16250664"]
[BlackFideId "1682237"]
[EventCountry "GER"]
[EventRounds "9"]
[EventType "swiss"]
[EventDate "2023.05.27"]

1. c4 {[%clk 01:30:58]} {[%emt 00:00:01]} e5 {[%clk 01:30:49]} {[%emt
00:00:12]} 2. Nc3 {[%clk 01:31:20]} {[%emt 00:00:08]} Bb4 {[%clk 01:30:59]}
{[%emt 00:00:19]} 3. Nd5 {[%clk 01:31:22]} {[%emt 00:00:28]} Ba5 {[%clk
01:30:33]} {[%emt 00:00:56]} 4. b4 {[%clk 01:27:54]} {[%emt 00:03:58]} c6
{[%clk 01:29:36]} {[%emt 00:01:27]} 5. bxa5 {[%clk 01:28:17]} {[%emt 00:00:07]}
cxd5 {[%clk 01:30:01]} {[%emt 00:00:06]} 6. cxd5 {[%clk 01:28:39]} {[%emt
00:00:07]} Nf6 {[%clk 01:28:30]} {[%emt 00:02:01]} 7. Qc2 {[%clk 01:23:03]}
{[%emt 00:06:06]} O-O {[%clk 01:21:06]} {[%emt 00:07:54]} 8. e4 {[%clk
01:21:41]} {[%emt 00:01:52]} Qxa5 {[%clk 01:17:02]} {[%emt 00:04:35]} 9. Bb2
{[%clk 01:19:55]} {[%emt 00:02:15]} d6 {[%clk 01:15:29]} {[%emt 00:02:00]} 10.
Bc4 {[%clk 01:16:05]} {[%emt 00:04:23]} Nbd7 {[%clk 01:09:51]} {[%emt
00:06:08]} 11. Ne2 {[%clk 01:13:48]} {[%emt 00:02:47]} Nc5 {[%clk 01:04:52]}
{[%emt 00:05:30]} 12. Ng3 {[%clk 01:10:38]} {[%emt 00:03:39]} Bd7 {[%clk
01:02:42]} {[%emt 00:02:40]} 13. Bc3 {[%clk 01:08:32]} {[%emt 00:02:37]} Qc7
{[%clk 01:02:27]} {[%emt 00:00:44]} 14. Be2 {[%clk 01:06:28]} {[%emt 00:02:33]}
Rac8 {[%clk 00:57:18]} {[%emt 00:05:40]} 15. a4 {[%clk 01:04:01]} {[%emt
00:02:57]} g6 {[%clk 00:46:31]} {[%emt 00:11:17]} 16. O-O {[%clk 01:02:14]}
{[%emt 00:02:17]} Ne8 {[%clk 00:41:18]} {[%emt 00:05:44]} 17. f4 {[%clk
01:01:08]} {[%emt 00:01:35]} f6 {[%clk 00:37:45]} {[%emt 00:04:03]} 18. fxe5
{[%clk 00:55:20]} {[%emt 00:06:18]} dxe5 {[%clk 00:35:01]} {[%emt 00:03:13]}
19. Bb5 {[%clk 00:52:26]} {[%emt 00:03:25]} Nd6 {[%clk 00:32:57]} {[%emt
00:02:34]} 20. Bxd7 {[%clk 00:52:49]} {[%emt 00:00:07]} Qxd7 {[%clk 00:33:13]}
{[%emt 00:00:14]} 21. Rfe1 {[%clk 00:49:26]} {[%emt 00:03:52]} Rf7 {[%clk
00:27:11]} {[%emt 00:06:33]} 22. Qd1 {[%clk 00:44:07]} {[%emt 00:05:48]} Re8
{[%clk 00:21:48]} {[%emt 00:05:53]} 23. d3 {[%clk 00:38:16]} {[%emt 00:06:21]}
Kg7 {[%clk 00:20:15]} {[%emt 00:02:04]} 24. Bb4 {[%clk 00:35:28]} {[%emt
00:03:17]} Na6 {[%clk 00:19:31]} {[%emt 00:01:15]} 25. Bxd6 {[%clk 00:35:31]}
{[%emt 00:00:26]} Qxd6 {[%clk 00:19:57]} {[%emt 00:00:04]} 26. Rc1 {[%clk
00:27:47]} {[%emt 00:08:14]} Nb4 {[%clk 00:15:30]} {[%emt 00:04:57]} 27. Rc4
{[%clk 00:23:46]} {[%emt 00:04:30]} a5 {[%clk 00:14:19]} {[%emt 00:01:43]} 28.
Qd2 {[%clk 00:20:32]} {[%emt 00:03:43]} Qb6+ {[%clk 00:12:23]} {[%emt
00:02:26]} 29. Kh1 {[%clk 00:20:12]} {[%emt 00:00:50]} Qd6 {[%clk 00:09:33]}
{[%emt 00:03:20]} 30. d4 {[%clk 00:17:27]} {[%emt 00:03:15]} exd4 {[%clk
00:08:31]} {[%emt 00:01:33]} 31. Qxd4 {[%clk 00:16:26]} {[%emt 00:01:30]} Qd7
{[%clk 00:04:57]} {[%emt 00:04:04]} 32. Ra1 {[%clk 00:06:55]} {[%emt 00:10:01]}
Rfe7 {[%clk 00:03:22]} {[%emt 00:02:06]} 33. Qc3 {[%clk 00:06:02]} {[%emt
00:01:22]} b6 {[%clk 00:01:30]} {[%emt 00:02:22]} 34. Rf1 {[%clk 00:04:45]}
{[%emt 00:01:47]} Qd6 {[%clk 00:01:13]} {[%emt 00:00:48]} 35. Qd4 {[%clk
00:01:39]} {[%emt 00:03:35]} 1/2-1/2

[Event "ODJM B 2023"]
[Site "Willingen GER"]
[Date "2023.06.01"]
[Round "7"]
[White "Blome, Johannes"]
[Black "Kuhlmann, Nils Magnus"]
[Result "1-0"]
[Termination "normal"]
[Board "3"]
[WhiteElo "1849"]
[BlackElo "1553"]
[WhiteClock "01:03:05"]
[BlackClock "00:43:55"]
[PlyCount "65"]
[WhiteFideId "16233972"]
[BlackFideId "16287177"]
[EventCountry "GER"]
[EventRounds "9"]
[EventType "swiss"]
[EventDate "2023.05.27"]

1. e4 {[%clk 01:30:58]} {[%emt 00:00:01]} c6 {[%clk 01:30:49]} {[%emt
00:00:12]} 2. d4 {[%clk 01:31:23]} {[%emt 00:00:04]} d5 {[%clk 01:31:08]}
{[%emt 00:00:11]} 3. e5 {[%clk 01:31:48]} {[%emt 00:00:04]} Bf5 {[%clk
01:31:06]} {[%emt 00:00:33]} 4. h4 {[%clk 01:32:14]} {[%emt 00:00:05]} h5
{[%clk 01:31:00]} {[%emt 00:00:36]} 5. Bg5 {[%clk 01:32:39]} {[%emt 00:00:04]}
Qb6 {[%clk 01:30:12]} {[%emt 00:01:19]} 6. Bd3 {[%clk 01:33:03]} {[%emt
00:00:05]} Bxd3 {[%clk 01:29:58]} {[%emt 00:00:45]} 7. Qxd3 {[%clk 01:33:25]}
{[%emt 00:00:07]} e6 {[%clk 01:28:57]} {[%emt 00:01:31]} 8. Nd2 {[%clk
01:33:47]} {[%emt 00:00:07]} c5 {[%clk 01:28:52]} {[%emt 00:00:36]} 9. Ne2
{[%clk 01:34:10]} {[%emt 00:00:07]} Nc6 {[%clk 01:28:46]} {[%emt 00:00:36]} 10.
c4 {[%clk 01:34:34]} {[%emt 00:00:06]} cxd4 {[%clk 01:21:05]} {[%emt 00:08:11]}
11. cxd5 {[%clk 01:34:23]} {[%emt 00:00:41]} Nxe5 {[%clk 01:21:06]} {[%emt
00:00:29]} 12. Qg3 {[%clk 01:34:11]} {[%emt 00:00:41]} Ng6 {[%clk 01:18:06]}
{[%emt 00:03:30]} 13. dxe6 {[%clk 01:34:08]} {[%emt 00:00:34]} Qxe6 {[%clk
01:17:46]} {[%emt 00:00:51]} 14. O-O {[%clk 01:34:02]} {[%emt 00:00:35]} Bd6
{[%clk 01:17:45]} {[%emt 00:00:31]} 15. Qf3 {[%clk 01:32:46]} {[%emt 00:01:46]}
N8e7 {[%clk 01:17:04]} {[%emt 00:01:12]} 16. Rfe1 {[%clk 01:28:36]} {[%emt
00:04:40]} Qd7 {[%clk 01:09:44]} {[%emt 00:07:49]} 17. Nxd4 {[%clk 01:25:57]}
{[%emt 00:03:08]} O-O {[%clk 01:07:58]} {[%emt 00:02:17]} 18. N2b3 {[%clk
01:25:18]} {[%emt 00:01:08]} Rfe8 {[%clk 01:05:21]} {[%emt 00:03:08]} 19. Rad1
{[%clk 01:22:21]} {[%emt 00:03:26]} Rac8 {[%clk 01:03:09]} {[%emt 00:02:42]}
20. Qxh5 {[%clk 01:19:44]} {[%emt 00:03:07]} Nc6 {[%clk 00:58:42]} {[%emt
00:04:58]} 21. Rxe8+ {[%clk 01:18:54]} {[%emt 00:01:20]} Rxe8 {[%clk 00:58:47]}
{[%emt 00:00:25]} 22. Nb5 {[%clk 01:18:55]} {[%emt 00:00:29]} Re6 {[%clk
00:57:15]} {[%emt 00:02:02]} 23. Nc5 {[%clk 01:18:43]} {[%emt 00:00:42]} Re1+
{[%clk 00:54:51]} {[%emt 00:02:54]} 24. Rxe1 {[%clk 01:18:56]} {[%emt
00:00:17]} Bxc5 {[%clk 00:55:13]} {[%emt 00:00:09]} 25. Be3 {[%clk 01:17:35]}
{[%emt 00:01:50]} Bxe3 {[%clk 00:52:16]} {[%emt 00:03:27]} 26. Rxe3 {[%clk
01:18:00]} {[%emt 00:00:05]} Nf4 {[%clk 00:51:51]} {[%emt 00:00:55]} 27. Qf3
{[%clk 01:17:18]} {[%emt 00:01:11]} Ne6 {[%clk 00:51:55]} {[%emt 00:00:27]} 28.
Nc3 {[%clk 01:12:49]} {[%emt 00:04:59]} Qd2 {[%clk 00:47:57]} {[%emt 00:04:28]}
29. b3 {[%clk 01:06:56]} {[%emt 00:06:23]} Qd4 {[%clk 00:47:07]} {[%emt
00:01:20]} 30. g3 {[%clk 01:05:09]} {[%emt 00:02:17]} Ne5 {[%clk 00:43:31]}
{[%emt 00:04:06]} 31. Qxb7 {[%clk 01:02:44]} {[%emt 00:02:55]} Ng4 {[%clk
00:43:49]} {[%emt 00:00:12]} 32. Qa8+ {[%clk 01:03:05]} {[%emt 00:00:08]} Nf8
{[%clk 00:43:55]} {[%emt 00:00:25]} 33. Qe4 {[%clk 01:03:05]} {[%emt 00:00:29]}
1-0